Obras de Fernando Pessoa (Registo nº 6142)

Detalhes MARC
000 -Etiqueta do registo
Valores 00503cam a2200193 4500
021 ## - Número do Depósito Legal
Número 42603/90
100 ## - Dados gerais de processamento
Dados gerais 19910603d1990 m y0pory5003 ba
200 1# - Titulo e menção de responsabilidade
Título próprio Obras de Fernando Pessoa
210 #9 - Publicação
Local de publicação Lisboa
Nome do editor Multilar,
Data de publicação 1990
215 ## - Descrição física 
Paginação / Volumes 10 v.
Outras indicações físicas il.
Dimensões 21 cm
225 ## - Colecção 
Título próprio da colecção Prosa
Indicação de volume X
606 ## - Nome comum usado como assunto
ID Autoridade 15
Palavra de ordem Literatura Portuguesa
675 ## - CDU
Notação 821.134.3-82
Edição PT
Língua por
700 #1 - Autor principal (pessoa individual)
Apelido Pessoa,
Nome Fernando,
Datas 1888-1935
801 #0 - Fonte de origem
País PT
Agência BMVN
Regras de catalogação RPC
830 ## - Notas gerais do catalogador
Criado por Silvia Neutel
Data de criação 18/03/2026
990 ## - Elementos KOHA
Tipo de documento Livro
Exemplares
Situação do levantamento Biblioteca de origem Código de barras Cota Permissão de empréstimo Tipo de documento Forma de aquisição
  Biblioteca Escola Secundária de Vendas Novas 200000003384 LP PES/OBR   Livro  

Powered by Koha